000 00708nam a22002172 4500
001 0000006976
005 20151217152019.0
008 071102s xx 000 0 eng d
020 _a0821339338 :
_cKES 800
040 _aKABU
_cKABU
100 1 _aFlorestal, Ketleen.
_@0000157955
245 1 0 _aDecentralization of education :
_blegal issues /
_cKetleen Florestal, Robb Cooper.
260 _aWashington, D. C. :
_bWorld Bank,
_c1997.
300 _aix, 35 p.
650 0 _aEducational law and legislation.
_@0000157956
650 0 _aSchools
_xDecentralization.
_@0000157957
700 1 _aCooper, Robb.
_@0000157958
908 _a071102
950 _@1
999 _c7327
_d7327